Digital control of dynamic systems /

Salvato in:
Dettagli Bibliografici
Autori principali: Franklin, Gene F (Autore), Powell, J.David (Autore), Workman, Michael (Autore)
Natura: Libro
Lingua:inglese
Pubblicazione: Menlo Park Addison Wesley Longman 1998
Edizione:3. vydanie
Soggetti:
Tags: Aggiungi Tag
Nessun Tag, puoi essere il primo ad aggiungerne!!

MARC

LEADER 00000nam a22000003a 4500
001 0104800
003 SK-STU
005 20230921094237.4
007 ta
008 230921s ----xo-----e------000-0-----d
020 |a 0-201-82054-4 
040 |a STU  |b slo 
041 0 |a eng 
044 |a xxu 
100 1 |a Franklin, Gene F  |4 aut 
245 1 0 |a Digital control of dynamic systems /  |c aut. Gene F Franklin, J.David Powell, Michael Workman 
250 |a 3. vydanie 
260 |a Menlo Park  |b Addison Wesley Longman  |c 1998 
300 |a 742 s. 
650 0 7 |a digitálne riadiace systémy 
650 0 7 |a dynamika 
700 1 |a Powell, J.David  |4 aut 
700 1 |a Workman, Michael  |4 aut 
996 |b 284M089425  |c M* 14784-1  |l MMKN  |s A  |a 24  |w 0104800_0001